Alter Egos and Pseudonyms of Musicians - Statistics

General Stats
  • This quiz has been taken 291 times
    196 since last reset
  • The average score is 8 of 19
Answer Stats
Alter Ego Musician % Correct
Slim Shady Eminem
94%
Major Tom, Ziggy Stardust, Aladdin Sane, The Thin White Duke David Bowie
93%
Hannah Montana Miley Cyrus
86%
Snoop Lion Snoop Dogg
84%
Sgt. Pepper's Lonely Hearts Club Band The Beatles
83%
Sasha Fierce Beyonce
58%
2-D (Gorillaz) Damon Albarn
40%
Mr Mojo Risin Jim Morrison
31%
Mimi (The Emancipation of...) Mariah Carey
24%
Harajuku Barbie, Roman Zolandski Nicki Minaj
23%
Makaveli 2Pac
20%
Chris Gaines Garth Brooks
20%
Starchild, Dr. Funkenstein, Mr. Wiggles George Clinton
20%
Damita Jo Janet Jackson
20%
The Fly, Mirrorball Man, MacPhisto Bono
17%
Dr. Winston O’Boogie John Lennon
15%
Percy "Thrills" Thrillington, The Fireman Paul McCartney
15%
Camille Prince
12%
Luke the Drifter Hank Williams
9%
No matching quizzes found
Score Distribution
Percent of People with Each Score
Percentile by Number Answered
Your Score History
You have not taken this quiz since the last reset